00887nam a22001337a 4500008004100000050001400041100002200055245006600077260004500143300002300188500002000211505050700231650001500738120417t xxu||||| |||| 00| 0 eng d aHD82.B775 aBurmeister, Edwin aMathematical theories of economic growth. /cEdwin Burmeister aNew York:bMacmillan Pub. Center,c1970. axx, 443 p.:c24cm. aIncludes index. aContents: Introduction -- One sector growth models -- Technological change in the one-sector model -- Two-sector growth models -- Extentions of the two-sector model -- Money and economic growth -- A Preview of multisector growth models -- Leontief models with alternative techniques -- Neoclassical multisector models without joint production -- Turnpike theorems and efficient economic growth -- Optimal economic growth -- Summary -- Appendix: Mathematical properties of nonnegative square matrices.  aEconomics.